| 000 | 00703nam a22001937a 4500 | ||
|---|---|---|---|
| 999 |
_c18350 _d18350 |
||
| 003 | AR-CdUCM | ||
| 008 | 190513b ||||| |||| 00| 0 spa d | ||
| 040 |
_aMUNICIPALIDAD PROVINCIAL DEL CUSCO _cBIBLIOTECA MUNICIPAL DEL CUSCO |
||
| 082 |
_a612.6 / _bL53 |
||
| 100 |
_aLeist, Marielene _938872 |
||
| 245 | _aLa angustia ante el sexo / | ||
| 260 |
_aBarcelona : _bHerder, _c1977. |
||
| 300 |
_a208 paginas ; _c22 cm. |
||
| 505 | _aContenido :Reflexiones previas importantes --Biología --el desarrollo y sus problemas --Antes del matrimonio --El matrimonio y sus problemas ... | ||
| 650 |
_aEducación sexual _96369 |
||
| 650 |
_aSexologia _938873 |
||
| 942 |
_2ddc _cLIBROS |
||
| 945 |
_arjall _d2019-05-13 |
||